000
00268nam a22001217a 4500
020
_a
0-00-216344-6
082
_a
962 ANW'I
100
_a
ANWAR, AL-SADAT
_9
75977
245
_a
IN SEARCH OF IDENTITY
260
_a
LONDON
_b
COLLINS
_c
1978
300
_a
360P
942
_c
BK
999
_c
581381
_d
581381